• 首页
  • 本馆介绍
  • 公告通知
  • 最新文献
  • 馆藏检索
  • 电子资源
  • 读者导购
  • 参考咨询
  • 我的图书馆
  • 登录
  • 详细信息显示
  • 放入我的书架
  • 预约/预借图书
  • 作者相关作品
  • 分类相关作品
  • 丛书相关作品
  • 出版社相关作品

书目信息

  • 表格格式
  • 工作单格式
  • 卡片格式
题名:
中学生物辅导员
    
 
作者: 张国柱 编
分册:  
出版信息: 北京   科学普及出版社  1981
页数: 271页
开本: 19cm
丛书名:
单 册:
中图分类: G634.91
科图分类:
主题词: 生物学--中学--教学参考资料
电子资源:
ISBN:
000 00625nam0 2200229 45
001 0181008960
005 20060728091238.25
010    @dCNY0.74
091    @aCN@b13051.1208
100    @a19950614d1981 em y0chiy0121 ea
101 0  @achi
102    @aCN@b110000
105    @ay z 000yy
200 10 @a中学生物辅导员@Azhong xue sheng wu fu dao yuan@f张国柱编
210    @a北京@c科学普及出版社@d1981
215    @a271页@d19cm
606    @a生物学@x中学@x教学参考资料
690    @aG634.91@v3
701  0 @a张国柱@Azhang guo zhu@4编
801  0 @aCN@bTSSF@c20060728
801  2 @aCN@bNLC@c20060722
905    @a10447@dG634.91@e165
    
    中学生物辅导员/张国柱编.-北京:科学普及出版社,1981
    271页;19cm
    
    
    ISBN :CNY0.74
    
●
相关链接 在E读中查询图书 在五车中查询图书 在当当中查询图书 在豆瓣中查询图书


正题名:中学生物辅导员     索取号:G634.91/165         预约/预借

序号 登录号 条形码 馆藏地/架位号 状态 备注
1 0425546   204255466   第一样本阅览室/ [索取号:G634.91/165] 在馆    
2 0440267   204402672   密集书库/ [索取号:G634.91/165] 在馆    
唐山师范学院图书馆 欢迎您!
大连网信软件有限公司© 版权所有